Bauhaus : (Record no. 5512)
[ view plain ]
| 000 -CABECERA | |
|---|---|
| campo de control de longitud fija | 00973ngm a2200205 a 4500 |
| 005 - FECHA Y HORA DE LA ÚLTIMA TRANSACCIÓN | |
| campo de control | 20260310064154.0 |
| 008 - ELEMENTOS DE LONGITUD FIJA--INFORMACIÓN GENERAL | |
| campo de control de longitud fija | 991125s1999 mx 050 aaspa u |
| 035 ## - NÚMERO DE CONTROL DEL SISTEMA | |
| Número de control de sistema | UPN01000005512 |
| 049 ## - COLECCIÓN | |
| Colección | AV |
| 050 #4 - SIGNATURA TOPOGRÁFICA DE LA BIBLIOTECA DEL CONGRESO | |
| Número de clasificación | PVI N 0794 |
| 100 1# - ASIENTO PRINCIPAL--NOMBRE PERSONAL | |
| Nombre de persona | Whitford, Frank |
| 245 10 - MENCIÓN DE TÍTULO | |
| Título | Bauhaus : |
| Resto del título | el rostro del siglo XX / |
| Mención de responsabilidad, etc. | escrito y narrado por Frank Whitford. |
| 260 ## - PUBLICACIÓN, DISTRIBUCIÓN, ETC. | |
| Lugar de publicación, distribución, etc. | México : |
| Nombre del editor, distribuidor, etc. | Canal 22 : |
| -- | CNCA, |
| Fecha de publicación, distribución, etc. | 1999. |
| 300 ## - DESCRIPCIÓN FÍSICA | |
| Extensión | 1 videocasete (VHS) (50 min) |
| 440 #0 - MENCIÓN DE SERIE/ASIENTO SECUNDARIO--TÍTULO | |
| Título | Artes visuales |
| 520 ## - NOTA DE RESUMEN, ETC. | |
| Sumario, etc. | La más famosa escuela de arquitectura, diseño y artesanía de la época moderna, Bauhaus. Esta película muestra documentales de archivo poco conocidos, imágenes de Bauhaus de Dessau y la arquitectura de Chicago, se revisan las figuras más importantes como Walter Gropius, etc. Bauhaus inició en 1919, con el nacimiento de la República y finalizó con la extinción de ésta en 1933 |
| 610 24 - ASIENTO SECUNDARIO DE MATERIA - NOMBRE CORPORATIVO | |
| Nombre de entidad corporativa o nombre de jurisdicción como elemento de entrada | BAUHAUS |
| 9 (RLIN) | 7435 |
| 650 #4 - ASIENTO SECUNDARIO DE MATERIA - TERMINO TEMATICO | |
| Término de materia o nombre geográfico como elemento de entrada | Arquitectura |
| Subdivisión general | Historia |
| 9 (RLIN) | 2345 |
| 905 ## - TIPO DE MATERIAL | |
| Tipo de material | Audiovisuales |
| Estado de retiro | Estado de pérdida | Fuente del sistema de clasificación o colocación | Estado dañado | No para préstamo | Código de colección | Localización permanente | Ubicación/localización actual | Ubicación en estantería | Total de préstamos | Clasificación | Código de barras | Fecha visto por última vez | Número de copia | Tipo de ítem Koha |
|---|---|---|---|---|---|---|---|---|---|---|---|---|---|---|
| Library of Congress Classification | Audiovisuales | Bib. Gregorio Torres Quintero | Bib. Gregorio Torres Quintero | Audiovisual | PVI N 0794 | 164833 | 31/12/2020 | 1 | Videocasete |
